Educación del sentido rítmico

保存先:
書誌詳細
主要な著者: Compagnon, Germaine (著者), Thomet, Maurice (著者)
フォーマット: 図書
言語:スペイン語
出版事項: Buenos Aires Kapelusz 1966
シリーズ:Colección de Pedagogía Práctica
主題:
タグ: タグ追加
タグなし, このレコードへの初めてのタグを付けませんか!

MARC

LEADER 00000nam a2200000 a 4500
001 UCZ7139
003 CL-VaPUC
008 951222e19660000AG |||||||||||||||||spa|d
082 0 4 |a 372.86  |b COM  |2 21 
100 0 |a Compagnon, Germaine  |e author  |9 351902 
700 0 |a Thomet, Maurice  |e author  |9 351903 
245 1 0 |a Educación del sentido rítmico 
300 |a 109 p 
942 |c BK 
945 |d 19951222 00:00:00  |a cmena 
260 |a Buenos Aires  |b Kapelusz  |c 1966 
650 0 |a Música  |9 306269 
650 0 |a Ritmo  |9 306417 
650 0 |a Educación básica   |9 224933 
650 0 |a Niños  |9 255605 
650 7 |a GIMNASIA  |2 CL-VaPUC  |9 307275 
650 7 |a DEPORTE  |2 CL-VaPUC  |9 351904 
650 0 |a Educación física  |9 240893 
650 0 |a Métodos de enseñanza  |9 270413 
650 7 |a EJERCICIO  |2 CL-VaPUC  |9 310040 
650 0 |a Elementos musicales  |9 306544 
583 |a last modification  |c 19951222 00:00:00  |k Rodrigo Vera 
490 0 |a Colección de Pedagogía Práctica 
999 |c 243262  |d 243260 
952 |0 0  |1 0  |4 0  |6 372_860000000000000_COM_1966  |7 0  |8 P  |9 256795  |a BIBEDU  |b BIBEDU  |c BIBEDU_PB  |d 2019-11-19  |i 1609238  |o 372.86 COM 1966  |p 1609238  |r 2019-11-19  |w 2019-11-19  |y BK  |k EDU